Normal view
MARC view
Entry Topical Term
001 - CONTROL NUMBER
- control field: 14555
003 - CONTROL NUMBER IDENTIFIER
- control field: BD-RjUL
005 - DATE AND TIME OF LATEST TRANSACTION
- control field: 20241203184141.0
008 - FIXED-LENGTH DATA ELEMENTS
- fixed length control field: 241203|| aca||aabn | a|a d
040 ## - CATALOGING SOURCE
- Original cataloging agency: BD-RjUL
- Transcribing agency: BD-RjUL
150 ## - HEADING--TOPICAL TERM
- Topical term or geographic name entry element: Cement
- Form subdivision: Dse listed
- Geographic subdivision: Bangladesh
670 ## - SOURCE DATA FOUND
- Source citation: Work cat.: (BD-RjUL)84429: Karim, Rejaul 14554, Impact of financial structure on profitability and value in dse listed cement manufacturing firms of Bangladesh / , 2023